000 01335nam a2200277 a 4500
001 000043472
005 20201002044813.0
008 140319s2013 dr a 000 0 spa d
020 _a9789945583366
040 _aDO-SdBNP
_bspa
_cBNPHU
082 _a617.715
_bP349f
100 1 _aPeña Villalona, Franklin
_971159
245 1 0 _aFondo de Ojo :
_bmanual práctico /
_cFranklin Peña Villalona, Franklin Peña Romero.
246 1 4 _aFondo de Ojo :
_bmanual práctico, un recorrido gráfico y detallado de la anatomía y fisiología del ojo para hacer un mejor diagnóstico.
260 _aSanto Domingo :
_bSantuario,
_c2013.
300 _a164 p. :
_bil. ;
_c24 cm.
500 _aIncluye datos biográficos de los autores en la solapa de la cubierta.
504 _aBibliografía: p.161-164.
505 0 _gPrólogo --
_gIntroducción --
_tAnatomía y fisiología del ojo --
_tEl oftalmoscopio, la oftalmoscopía y el fondo de ojo normal --
_tInterpretación del fondo de ojo patológico --
_gApéndice:
_gAutoevaluación, repaso y respuestas --
_gBibliografía.
590 _aInventariado,2018/DG
650 4 _aFondo del ojo
_xDiagnóstico
_971160
650 4 _aOftalmoscopia
_xMétodos
_971161
650 4 _aFenómenos fisiológicos oculares
_971162
700 1 _aPeña Romero, Franklin
_971163
910 _aValidado. Control de calidad EMS
999 _c42961
_d42961